1793 1552 1162 1399 1839 1189 1225 1632 1775 1497 1760 1329 1666 1710 1952 1820 1538 1936 1661 1953 1771 1727 1989 1579 1144 1380 1145 1218 1706 1805 1037 1403 1998 1275 1674 1156 1369 1441 1242 1122 1095 1290 1211 1052 1436 1575 1482 1048 1316 1136 1551 1435 1176 1278 1897 1805 1903 1232 1603 1031 1140 1512 1583 1100 1883 1889 1530 1353 1200 1124 1032 1088 1023 1049 1604 1665 1686 1367 1737 1168 1705 1053 1381 1942 1039 1678 1996 1007 1086 1645 1137 1436 1488 1092 1271 1845 1317 1211 1305 BCNSPRNW ULIB Ver.6.0+V

เปลี่ยนเป็นภาษาไทย

Change to English
 แสดงรายละเอียดบรรณานุกรม
  กลับหน้าหลัก

Brief Record : Get Marc (ISO 2709) : E-mail record : QR code < ปิดหน้าต่าง
LEADER : 00000nam 2200000uu 4500
001    13399110944
003     ULIB
008    110613s||||||||th 000 0 tha d
020    9749183320
050  4 AC158^bจ829ด 2004
100    แจ๊กกี้ ก๊าฟฟ์
245    เด็กๆรู้ไหมทำไมทะเลทรายซาฮาร่าหนาวในยามค่ำคืน/ ^cผู้แต่ง แจ๊กกี้ ก๊าฟฟ์
260    กรุงเทพฯ : ^bโกรเลียร์ อินเตอร์เนชั่นแนล, ^c2004
300    32 หน้า : ^bภาพประกอบสี ; ^c28 ซม.
650  7 ความรู้รอบตัว
650  7 ทะเลทราย
945    ^p350^l0^i029019
995    ทศพร
999 ^a ใช้งานได้ทุกระบบ
รายการนี้ยังไม่มีแท็ก
คุณยังไม่ได้ล็อกอิน คุณสามารถมีกิจกรรมร่วมกับเว็บไซต์ได้ แต่ต้องล็อกอินก่อน ::
  ล็อกอิน

รายการสื่อสารสนเทศ

ลำดับที่ ประเภท เลขเรียก/บาร์โค้ด สถานที่ สถานะ
- ไม่พบข้อมูล -

รายการใกล้เคียง
    ผู้แต่ง [แจ๊กกี้ ก๊าฟฟ์]

    หัวเรื่อง [ความรู้รอบตัว]

BibComment


ยังไม่เคยถูกคอมเมนท์

คอมเมนท์ทรัพยากรรายการนี้
  คอมเมนท์: เด็กๆรู้ไหมทำไมทะ..


 Copyright 2026. Bcnsprnw @Library